00846nam a2200265 a 450000100060000000300080000600500170001400800410003102000150007202000150008703500190010203500110012104000270013204100080015908200240016724501540019126000560034530000210040150400290042265000260045165000270047770000220050470000270052671000270055358590BD-RjUL20211209080634.0161219s1988 enk b 000 0 eng d a0939521296 a0939521369 a(BD-RjUL)58714 a534034 aANLbengcANLdBD-RjUL aeng04a323.4223bHUM 198810aHuman rights and anthropology /cTheodore E. Downing and Gilbert Kushner, editors, with Jennifer Schirmer, Alison Dundes Renteln and Laurie Wiseberg. aCambridge, Mass. :bCultural Survival Inc.,cc1988. a200 p. ;c23 cm. aIncludes bibliographies. 0aLaw and anthropology. 0aAnthropological ethics1 aKushner, Gilbert.1 aDowning, Theodore E.,.2 aCultural Survival Inc.